header

Literary and social speeches (Record no. 2905)

MARC details
000 -LEADER
fixed length control field 01246nam a2200301Ia 4500
100 1# - MAIN ENTRY--AUTHOR NAME
Personal name Dickens, Charles,
245 10 - TITLE STATEMENT
Title Literary and social speeches
260 ## - PUBLICATION, DISTRIBUTION, ETC. (IMPRINT)
Place of publication [South Bend, IN] :
Name of publisher Infomotions, Inc. ;
Place of publication [Salt Lake City, Utah] :
Name of publisher Project Gutenburg,
Year of publication 2001, c1841.
300 ## - PHYSICAL DESCRIPTION
Number of Pages 129 p.
650 #0 - SUBJECT ADDED ENTRY--TOPICAL TERM
Topical Term Learning and scholarship.
856 40 - ELECTRONIC LOCATION AND ACCESS
Uniform Resource Identifier http://site.ebrary.com/lib/rucke/Doc?id=5000618

No items available.

© 2026 Rongo University
Contact us: librarian | system librarian | Rongo university